000 00409nam a2200145Ia 4500
008 100204s9999 xx 000 0 und d
082 _b12865
100 _aकुसुमाग्रज
245 _aपाथेय
260 _b"पॉप्युलर प्रकाशन , मुंबई"
_c1989
300 _a95
630 _aपाथेय
730 _aपाथेय
942 _cBOOK
999 _c457297
_d457294